Managing across cultures (Record no. 4709)

MARC details
000 -CABECERA
campo de control de longitud fija 01415cam a22003018i 4500
001 - NÚMERO DE CONTROL
campo de control 18075074
005 - FECHA Y HORA DE LA ÚLTIMA TRANSACCIÓN
campo de control 20260306131942.0
008 - DATOS DE LONGITUD FIJA--INFORMACIÓN GENERAL
campo de control de longitud fija 140320s2014 nyu 001 0 eng
010 ## - NÚMERO DE CONTROL DE LA BIBLIOTECA DEL CONGRESO
Número de control de LC 2014009276
020 ## - NÚMERO INTERNACIONAL ESTÁNDAR DEL LIBRO
Número Internacional Estándar del Libro 9780273746324 (print)
020 ## - NÚMERO INTERNACIONAL ESTÁNDAR DEL LIBRO
ISBN cancelado o inválido 9780273780076 (PDF)
020 ## - NÚMERO INTERNACIONAL ESTÁNDAR DEL LIBRO
ISBN cancelado o inválido 9780273781318 (eText)
040 ## - FUENTE DE LA CATALOGACIÓN
Centro catalogador/agencia de origen DLC
Lengua de catalogación eng
Centro/agencia transcriptor DLC
Normas de descripción rda
042 ## - CÓDIGO DE AUTENTICACIÓN
Código de autenticación pcc
050 00 - SIGNATURA TOPOGRÁFICA DE LA BIBLIOTECA DEL CONGRESO
Número de clasificación HD31
Número de documento/Ítem .S3623 2014
100 ## - ENTRADA PRINCIPAL--NOMBRE DE PERSONA
Nombre de persona Schneider, Susan C.
9 (RLIN) 21322
245 10 - MENCIÓN DE TÍTULO
Título Managing across cultures
Mención de responsabilidad, etc. / Susan C. Schneider, Jean-Louis Barsoux.
250 ## - MENCIÓN DE EDICIÓN
Mención de edición Third edition.
264 #1 - PRODUCCIÓN, PUBLICACIÓN, DISTRIBUCIÓN, FABRICACIÓN Y COPYRIGHT
Producción, publicación, distribución, fabricación y copyright New York :
Nombre del de productor, editor, distribuidor, fabricante Pearson,
Fecha de producción, publicación, distribución, fabricación o copyright 2014.
500 ## - NOTA GENERAL
Nota general Includes index.
505 0# - NOTA DE CONTENIDO CON FORMATO
Nota de contenido con formato The meaning of culture — The undertow of culture — Discovering culture — Interacting spheres of culture — Culture and management practice — Culture and organisation — Culture and strategy — Culture and human resource management — Managing cultural differences — The "international" manager — The "multicultural" team — The "global" organisation — Citizens of the world : on the road to responsible leadership — Index.
650 #0 - PUNTO DE ACCESO ADICIONAL DE MATERIA--TÉRMINO DE MATERIA
Término de materia o nombre geográfico como elemento de entrada International business enterprises
Subdivisión general Management
-- Social aspects.
9 (RLIN) 7247
650 #0 - PUNTO DE ACCESO ADICIONAL DE MATERIA--TÉRMINO DE MATERIA
Término de materia o nombre geográfico como elemento de entrada Intercultural communication
9 (RLIN) 332
700 ## - ENTRADA AGREGADA--NOMBRE PERSONAL
Nombre de persona Barsoux, Jean-Louis
9 (RLIN) 21321
700 ## - ENTRADA AGREGADA--NOMBRE PERSONAL
Nombre de persona Stahl, Günter K.,
Fechas asociadas al nombre 1966-
856 ## - LOCALIZACIÓN Y ACCESO ELECTRÓNICOS
Identificador Uniforme del Recurso <a href="https://research.ebsco.com/plink/7dca7b2e-dc65-3f49-8d10-fe04b918f8be">https://research.ebsco.com/plink/7dca7b2e-dc65-3f49-8d10-fe04b918f8be</a>
Texto de enlace ebook
942 ## - ELEMENTOS DE ENTRADA AGREGADA (KOHA)
Fuente del sistema de clasificación o colocación Clasificación Decimal Dewey
Holdings
Estado de retiro Estado de pérdida Fuente del sistema de clasificación o colocación Estado dañado No para préstamo Biblioteca de origen Biblioteca actual Fecha de adquisición Total de préstamos Fecha visto por última vez Número de copia Identificador Uniforme del Recurso Precio válido a partir de Tipo de ítem Koha Nota pública
    Clasificación de Library of Congress     TBS Barcelona TBS Barcelona 02/06/2025   02/06/2025 1 https://research-ebsco-com.hub.tbs-education.fr/plink/3fe9a2d2-6c17-3893-a5ae-ef94dff4cbe2 02/06/2025 eBook Third edition

Powered by Koha